000 01402cam a22004094i 4500
003 PE-LiUPU
005 20250731175621.0
008 150617s r 000 0 d
020 _a8476453248
035 _a(Sirsi) i9788476453247
040 _aPE-LiUPU
_bspa
_cPE-LiUPU
_erda
049 _aPRUA
082 0 4 _a492.4
_bM48
_221
100 1 _aMeyer, Rudolf,
_eautor.
245 1 0 _aGramática del Hebreo Bíblico /
_cRudolf Mayer.
264 1 _aBarcelona :
_bClie,
_c1989.
300 _a490 páginas ;
_c23 centímetros
336 _atext
_2rdacontent
337 _aunmediated
_2rdamedia
338 _avolume
_2rdacarrier
504 _aNotas bibliográficas.
505 0 _aGrafía -- Fonética -- Morfología -- Sintaxis.
526 _aP145
526 _aP127
526 _aP97
526 _aP35
526 _aP14
526 _aP07
650 0 4 _aHebreo bíblico
_xGramática.
910 _ajck
_bjvq
_cjck
_d20150616
942 _2ddc
_cBOOK
949 _a492.4 M48
_wDEWEY
_c1
_i31687
_d2016-5-24
_e2016-5-24
_lCCODEBUL1
_mBUL
_n4
_r0
_sY
_tBOOK
_u2015-6-17
_xTEOLOGIA
_zUNKNOWN
_0COMPRA
_o.STAFF. Colección General
994 _aC0
_bPEPRU
596 _a1
999 _a492.4 M48
_wDEWEY
_c19215
_i31687
_d19215
_e2019-4-1
_f2021-11-11
_g5
_lCCODEBUL1
_mBUL
_n9
_q38
_r0
_sY
_tBOOK
_u2015-6-17
_xTEOLOGIA
_zUNKNOWN
_0COMPRA
_o.STAFF. Colección General
980 _81
_gALBERTO SANCHEZ Responsable de Automatización